Patent Activity and Technical Change in US Industries

Bibliographic Details
Main Author: McAleer, M.
Other Authors: Slottje, Daniel, Wee, Pei Syn
Format: eBook
Language:English
Published: Bingley: Emerald Group Publishing Limited, 2005
Subjects:
Online Access:Acceso restringido

MARC

LEADER 00000nam a22000007a 4500
005 20210301214633.0
007 cr|||| ||||
008 210301s2005 us |||||s|||| 00||0 eng d
020 |a 978-0-44451-858-3 
035 |a 31999 
040 |a vLex 
090 |c 11324  |d 11324 
100 1 |a McAleer, M. 
245 1 0 |a Patent Activity and Technical Change in US Industries  |h [Recurso electrn̤ico] /  |c M. McAleer, Daniel Slottje, Pei Syn Wee 
256 |a Servicio en ln̕ea 
260 |a Bingley:  |b Emerald Group Publishing Limited,  |c 2005 
300 |a 1 recurso electrn̤ico 
506 1 |a Disponible solo en los productos indicados  |d vLex Global  |d vLex Global (Academic Edition, excluding Law Schools)  |d vLex Global (Academic Edition, Law Schools) 
650 0 4 |a Derecho Mercantil y de la Empresa  |z Estados Unidos 
700 1 |a Slottje, Daniel 
700 1 |a Wee, Pei Syn 
740 0 |a vLex Libros (Servicio en ln̕ea) 
856 4 0 |u http://vlex.com/source/31999  |z Acceso restringido 
942 |c BOOK 
999 0 |a Commercial and Company Law